000 00479nam a2200169Ia 4500
008 240729s9999 xx 000 0 und d
022 _a2776-706X
245 0 _aIndonesian Journal of Sport Management
260 _aIndonesia
260 _bUnivesitas Majalengka
650 _a Recreation. Leisure
650 _a Sports
650 _aGeography. Anthropology. Recreation
856 _uhttps://doaj.org/toc/b804e0c103314ceab6d260b9c6c50f18
942 _2ddc
942 _cDOAJEJ
999 _c70760
_d70760
945 _a1
_bMadushi Gamage
_c1
_dMadushi Gamage